| 000 | 00989cam a2200265 a 4500 | ||
|---|---|---|---|
| 001 | 000008481 | ||
| 005 | 20240529124642.0 | ||
| 008 | 960730s1996 cau 000 f spa d | ||
| 020 | _a0062514628 (pbk.) | ||
| 040 |
_aDO-SdBNP _bspa _cLC _dBNPHU |
||
| 041 | 1 | 7 |
_aspa _hpor _2Código de idioma MARC |
| 082 |
_aB869.42 _bC672a |
||
| 100 | 1 |
_aCoelho, Paulo, _d1947- _913649 |
|
| 240 | 1 | 0 |
_aNa margem do rio Piedra eu sentei e chorei. _lEspañol |
| 245 | 1 | 0 |
_aA orillas del río Piedra me senté y lloré / _cPaulo Coelho; traducción de Alfonso Indecona. |
| 260 |
_aSan Francisco, (California) : _bHarperSanFrancisco, _c1996. |
||
| 300 |
_axiii, 202 p. ; _c21 cm. |
||
| 534 |
_aVersión en español de: _tNa margem do rio Piedra eu sentei a chorei _cRio de Janeriro : Rocco Ltd., 1994. |
||
| 650 | 0 |
_aNovela brasileña _913650 |
|
| 650 | 4 |
_aLiteratura brasileña _9823 |
|
| 700 | 1 |
_aIndecona, Alfonso, _etr. _922793 |
|
| 910 | _aCatalogación por copia / LC | ||
| 910 | _aWM | ||
| 049 | _aBNGR | ||
| 999 |
_c8252 _d8252 |
||